1338 1207 1592 1974 1759 1586 1763 1271 1215 1806 1108 1970 1847 1364 1668 1704 1415 1163 1056 1135 1050 1802 1690 1932 1845 1543 1532 1208 1708 1420 1334 1381 1033 1757 1682 1906 1613 1546 1780 1207 1214 1578 1263 1124 1358 1345 1669 1441 1272 1793 1089 1687 1407 1004 1710 1812 1962 1670 1176 1195 1339 1226 1267 1710 1866 1494 1202 1658 1413 1796 1874 1046 1997 1060 1511 1708 1796 1858 1603 1603 1071 1424 1276 1882 1744 1812 1284 1453 1574 1455 1768 1935 1096 1626 1361 1168 1325 1706 1674 BCNSPRNW ULIB Ver.6.0+V

เปลี่ยนเป็นภาษาไทย

Change to English
 แสดงรายละเอียดบรรณานุกรม
  กลับหน้าหลัก

Brief Record : Get Marc (ISO 2709) : E-mail record : QR code < ปิดหน้าต่าง
LEADER : 00000nam 2200000uu 4500
001    13399121717
003     ULIB
008    121130s||||||||th 000 0 tha d
020    ^a9789749659588
060 04 ^aWD210^bล111 2550
100 0  ^aทัทยา อนุสสร
245 10 ^aลดน้ำหนัก/^cนิดดา หงษ์วิวัฒน์
250    ^aพิมพ์ครั้งที่ 1
260    ^aกรุงเทพฯ :^bแสงแดด,^c2550
300    ^a227 หน้า :^bภาพประกอบ
650  7 ^aการลดความอ้วน
945    ^p185^l0^i14504
995    ^aกัณชพร
999 ^a ใช้งานได้ทุกระบบ
รายการนี้ยังไม่มีแท็ก
คุณยังไม่ได้ล็อกอิน คุณสามารถมีกิจกรรมร่วมกับเว็บไซต์ได้ แต่ต้องล็อกอินก่อน ::
  ล็อกอิน

รายการสื่อสารสนเทศ

ลำดับที่ ประเภท เลขเรียก/บาร์โค้ด สถานที่ สถานะ
1. วิทยาศาสตร์การแพทย์ และสุขภาพ
วิทยาศาสตร์การแพทย์ และสุขภาพ
WD210 ล111 2550  
  Barcode: 14504
ห้องสมุดวิทยาเขตสวรรค์ประชารักษ์
►หนังสือทั่วไป
บนชั้น

รายการใกล้เคียง
    ผู้แต่ง [ทัทยา อนุสสร]

    หัวเรื่อง [การลดความอ้วน]

BibComment


ยังไม่เคยถูกคอมเมนท์

คอมเมนท์ทรัพยากรรายการนี้
  คอมเมนท์: ลดน้ำหนัก นิดดา ..


 Copyright 2026. Bcnsprnw @Library